| 000 | 00756nam a2200217 a 4500 | ||
|---|---|---|---|
| 001 | 000034783 | ||
| 005 | 20200930073912.0 | ||
| 008 | 111019s1959 ag 000 0 spa d | ||
| 040 |
_aDO-SdBNP _bspa _cBNPHU |
||
| 082 |
_a146.32 _bT772f |
||
| 100 | 1 |
_aTran-Duc-Thao _960275 |
|
| 245 | 1 | 0 |
_aFenomenología y materialismo dialéctico / _cTran-Duc-Thao ; traducción y prólogo Raúl Sciarretta. |
| 260 |
_aBuenos Aires : _bLautaro, _c1959. |
||
| 300 |
_a312 p. ; _c20 cm. |
||
| 590 | _aPerteneció a la biblioteca personal de Juan Isidro Jimenes Grullón | ||
| 650 | 4 |
_aMaterialismo dialéctico _9845 |
|
| 650 | 4 |
_aFenomenología _911303 |
|
| 700 | 1 | 2 |
_aSciarretta, Raúl, _etr., pról. _960276 |
| 910 | _aValidado. Control de calidad MFF | ||
| 049 | _aBNGR | ||
| 999 |
_c34274 _d34274 |
||